| 000 | 01037cam a2200313 i 4500 | ||
|---|---|---|---|
| 001 | 20183 | ||
| 003 | OSt | ||
| 005 | 20251117152743.0 | ||
| 008 | 110705t20122012nyua 001 0 eng | ||
| 010 | _a 2011933637 | ||
| 020 | _a9781563679339 | 1563679337 | ||
| 040 |
_aDLC _beng _cDLC _erda |
||
| 042 | _apcc | ||
| 050 | 0 | 0 |
_aNA2850 _b.R46 2012 |
| 100 | 1 | _aRengel, Roberto J. | |
| 245 | 1 | 4 |
_aThe interior plan : _bconcepts and exercises / _cRoberto J. Rengel. |
| 260 |
_aNew York : _bFairchild Books, _c[2012], ©2012. |
||
| 300 |
_axi, 338 pages : _billustrations ; _c22 x 28 cm. |
||
| 336 |
_atext _2rdacontent |
||
| 337 |
_aunmediated _2rdamedia |
||
| 338 |
_avolume _2rdacarrier |
||
| 500 | _aIncludes index. | ||
| 650 | 0 |
_aInterior architecture _vTextbooks. |
|
| 650 | 0 | _aInterior Plan | |
| 650 | 0 | _aInterior - Concepts and Exercises | |
| 906 |
_a7 _bcbc _corignew _d2 _eepcn _f20 _gy-gencatlg |
||
| 942 |
_2ddc _cREF _n0 |
||
| 999 |
_c13372 _d13372 |
||